[Event "Chester e2e4 op-B"]
[Site "Chester"]
[Date "2013.01.19"]
[Round "2"]
[White "Ross, Stuart"]
[Black "Rizzi, Volfango"]
[Result "0-1"]
[WhiteElo "1614"]
[BlackElo "1937"]
[PlyCount "91"]
[EventDate "2013.01.18"]
[EventType "swiss"]
[EventRounds "7"]
[EventCountry "ENG"]
[SourceTitle "EXT 2015"]
[Source "ChessBase"]
[SourceDate "2014.11.20"]
[SourceVersion "1"]
[SourceVersionDate "2014.11.20"]
[SourceQuality "1"]

1. e4 e5 2. Nf3 Nc6 3. Bb5 Nf6 4. 0-0 d6 5. d4 exd4 6. Nxd4 Bd7 7. Nc3 Be7 8. Re1 0-0 9. Nd5 Nxd5 10. exd5 Nxd4 11. Bxd7 Nxc2 12. Qxc2 Qxd7 13. Be3 Bf6 14. Rac1 Rfc8 15. Qb3 c5 16. Bf4 Re8 17. Re3 Rxe3 18. Bxe3 b5 19. Qc2 a5 20. b3 a4 21. Bd2 axb3 22. axb3 Re8 23. Re1 Rxe1+ 24. Bxe1 Qe8 25. Kf1 Qe5 26. Qe2 Qxe2+ 27. Kxe2 Kf8 28. f4 Ke7 29. Bg3 h5 30. Kd3 Kd7 31. Ke4 Kc7 32. h3 Kb6 33. f5 Kc7 34. Be1 Kb6 35. Bg3 Kc7 36. Be1 c4 37. bxc4 bxc4 38. Ba5+ Kb7 39. g4 hxg4 40. hxg4 Be5 41. Ke3 Ka6 42. Be1 Kb5 43. Bf2 Kb4 44. Be1+ Kb3 45. Bd2 Kb2 46. Ke2 0-1

[Event "WLS-ch Minor"]
[Site "Cardiff"]
[Date "2005.03.28"]
[Round "7"]
[White "Rizzi, Volfango"]
[Black "Owens, Megan R"]
[Result "1-0"]
[WhiteElo "1642"]
[BlackElo "1200"]
[PlyCount "81"]
[EventDate "2005.03.26"]
[EventType "swiss"]
[EventRounds "7"]
[EventCountry "WLS"]
[SourceTitle "EXT 2006"]
[Source "ChessBase"]
[SourceDate "2005.11.24"]
[SourceVersion "1"]
[SourceVersionDate "2005.11.24"]
[SourceQuality "1"]

1. e4 c5 2. Nf3 a6 3. a4 e6 4. d4 cxd4 5. Nxd4 e5 6. Nf3 Nf6 7. Bg5 Nc6 8. Bc4 Qa5+ 9. Qd2 Nxe4 10. Qxa5 Nxa5 11. Bd5 Nf6 12. Bxf6 gxf6 13. 0-0 Rg8 14. Nc3 d6 15. Ne4 Be7 16. Rfe1 f5 17. Nc3 Be6 18. b4 Bxd5 19. Nxd5 Rc8 20. bxa5 Rxc2 21. Nxe5 Bg5 22. Nf3+ Kd8 23. Nxg5 Rxg5 24. Nf6 h6 25. Re8+ Kc7 26. Nd5+ Kd7 27. Re7+ Kd8 28. Rxb7 f4 29. Nxf4 Rgc5 30. g3 Rc1+ 31. Rxc1 Rxc1+ 32. Kg2 Rc7 33. Rxc7 Kxc7 34. Nd5+ Kc6 35. Nb4+ Kb7 36. Kf3 h5 37. Ke4 d5+ 38. Kxd5 f5 39. Ke5 Ka7 40. Kxf5 Kb7 41. f4 1-0

[Event "WLS-ch Minor"]
[Site "Cardiff"]
[Date "2005.03.27"]
[Round "5"]
[White "Rizzi, Volfango"]
[Black "O'Rourke, Kevin1111"]
[Result "1-0"]
[WhiteElo "1642"]
[BlackElo "1426"]
[PlyCount "51"]
[EventDate "2005.03.26"]
[EventType "swiss"]
[EventRounds "7"]
[EventCountry "WLS"]
[SourceTitle "EXT 2006"]
[Source "ChessBase"]
[SourceDate "2005.11.24"]
[SourceVersion "1"]
[SourceVersionDate "2005.11.24"]
[SourceQuality "1"]

1. e4 e5 2. Nf3 d6 3. d4 exd4 4. Nxd4 Bd7 5. Bc4 c5 6. Nf3 h6 7. Nc3 Bg4 8. h3 Bh5 9. Qd5 Bg6 10. Qxb7 Nd7 11. 0-0 Be7 12. Bb5 Ngf6 13. e5 Rb8 14. Qxa7 Rxb5 15. Nxb5 Nxe5 16. Nc7+ Kf8 17. Nxe5 dxe5 18. Be3 Nd7 19. Rfd1 Bxc2 20. Ne6+ fxe6 21. Rxd7 Qe8 22. Rc1 Bf5 23. Rxc5 Kf7 24. Rcc7 Kf6 25. Rxe7 g6 26. Rf7+ 1-0

[Event "Bergamo op 1st"]
[Site "Bergamo"]
[Date "2002.07.26"]
[Round "1"]
[White "Vezzosi, Paolo"]
[Black "Rizzi, Volfango"]
[Result "1-0"]
[WhiteElo "2397"]
[BlackElo "1651"]
[PlyCount "21"]
[EventDate "2002.07.26"]
[EventType "swiss"]
[EventRounds "6"]
[EventCountry "ITA"]
[SourceTitle "EXT 2007"]
[Source "ChessBase"]
[SourceDate "2006.11.23"]
[SourceVersion "1"]
[SourceVersionDate "2006.11.23"]
[SourceQuality "1"]

1. e4 e5 2. Nf3 Nc6 3. Bb5 Bc5 4. c3 Nf6 5. 0-0 d6 6. d4 exd4 7. cxd4 Bb4 8. Qa4 0-0 9. Bxc6 bxc6 10. Qxb4 Nxe4 11. Nc3 1-0